000 00811cab a2200205 4500
001 ABS67322
008 040108n2003 000 0 eng u
035 _a(Sirsi) u124773
245 _aSpecial report: Roadside
260 _c2003
490 _aProperty Week
_v68(49) 12 December 2003, 55-64(4)
520 _aReports on the revamp of Little Chef which will involve separating its operations from its hotel partner Travelodge. Also looks at the five-year expansion programme that has made Margram the UK's largest independent operator of filling stations with convenience stores.
590 _aABS
650 _aPETROL FILLING STATIONS
650 _aHOTELS
650 _aRESTAURANTS
650 _aROADSIDE FACILITIES
690 _aPROPERTY-COMMERCIAL PROPERTY-COMMERCIAL PROPERTY MARKET
942 _n0
999 _c74053
_d74053